Designing Legal Frameworks for Public Debt Management /

Sustainable public debt has gained renewed attention as countries implement fiscal consolidation measures in the aftermath of the global financial crisis. Sound public debt policies and debt management practices require robust legal underpinnings. Complex legal issues however arise in the design of...

Descrizione completa

Dettagli Bibliografici
Autore principale: Awadzi, Elsie Addo
Natura: Periodico
Lingua:English
Pubblicazione: Washington, D.C. : International Monetary Fund, 2015.
Serie:IMF Working Papers; Working Paper ; No. 2015/147
Accesso online:Full text available on IMF
LEADER 01679cas a2200241 a 4500
001 AALejournalIMF015333
008 230101c9999 xx r poo 0 0eng d
020 |c 5.00 USD 
020 |z 9781513529561 
022 |a 1018-5941 
040 |a BD-DhAAL  |c BD-DhAAL 
100 1 |a Awadzi, Elsie Addo. 
245 1 0 |a Designing Legal Frameworks for Public Debt Management /  |c Elsie Addo Awadzi. 
264 1 |a Washington, D.C. :  |b International Monetary Fund,  |c 2015. 
300 |a 1 online resource (57 pages) 
490 1 |a IMF Working Papers 
500 |a <strong>Off-Campus Access:</strong> No User ID or Password Required 
500 |a <strong>On-Campus Access:</strong> No User ID or Password Required 
506 |a Electronic access restricted to authorized BRAC University faculty, staff and students 
520 3 |a Sustainable public debt has gained renewed attention as countries implement fiscal consolidation measures in the aftermath of the global financial crisis. Sound public debt policies and debt management practices require robust legal underpinnings. Complex legal issues however arise in the design of the legal framework, and tradeoffs are required in many instances. This paper analyzes key features of modern public debt management legal frameworks, drawing from examples in advanced, emerging, and frontier markets. It aims to provide guidance for countries that seek to review and strengthen their public debt management legal frameworks. 
538 |a Mode of access: Internet 
830 0 |a IMF Working Papers; Working Paper ;  |v No. 2015/147 
856 4 0 |z Full text available on IMF  |u http://elibrary.imf.org/view/journals/001/2015/147/001.2015.issue-147-en.xml  |z IMF e-Library